00410nam a22001457a 450000500170000000800410001702000220005804100120008010000180009211000140011024500590012426000560018330000090023936500160024820250616142624.0250520b |||||||| |||| 00| 0 eng d a978-93-49373-44-0 aEnglish aP Krishnaraj  aP Kavitha aTextbook of Pathology, Genetics and Pharmacology - II  bEMMESS Medical publisher Pvt. Ltd.aBengaluruc2025 a748p bRs. 1095.00